000 00842nam a2200241 a 4500
001 55995
003 BD-RjUL
005 20211209080336.0
008 161124s1968 bg ||||| |||| 00| 0 ben d
020 _c: TK 3.50
035 _a(BD-RjUL)56119
040 _aBD-RjUL
_bben
_cBD-RjUL
041 _aben
082 _223
_a915
_bAHM 1968
100 _aআহমদ, ওয়াকিল
_9117617
245 1 0 _aমুসলিম বাংলায় বিদেশী পর্যটক /
_cওয়াকিল আহমদ
250 _a১ম সং .
260 _aঢাকা :
_bনওরোজ কিতাবিস্তান,
_c১৯৬৮
300 _a১৩০ পৃ. ;
_c২১ সেমি .
650 _aএশিয়া ভ্রমণ
_9165234
650 _aTravel In asia
_9165235
942 _2ddc
_cBK
999 _c55995
_d55995